000 00559nam a22001817a 4500
005 20231127084800.0
008 231127b |||||||| |||| 00| 0 eng d
020 _a0459553763 ; 0459553984
041 _aEnglish
082 _a340.0971 CAL
100 _aGall, GL
_lEnglish
245 _aThe Canadian Legal System /
_cGL Gall
250 _aFourth Edition
260 _aCanada :
_bThomson Professional Publishing,
_c1995
300 _blviii, 554 pages ;
_c24, 4 cm.
650 _aLegal practice
_bLaw
942 _cBK
_6ALISON_BN_VRIES
999 _c968
_d968